000 00369 a2200169 4500
001 187522
020 _a85-08-08066-2
040 _cMagnum
100 _aDoyon, Stephanie
240 1 0 _aSó podia ser você
_lpor
245 1 0 _aSó podia ser você
300 _a160
362 0 _a2001
440 1 _aÁtica
697 _aLITERATURA JUVENIL ESTRANGEIRA
942 _cBK
999 _c187522
_d187522